000 00574nam a2200193 i 4500
001 98225
003 ES-MaACL
005 20250721062613.0
007 t|
008 050727s1906 fr ||||1| fre d
100 1 _aMarshall, Alfred.
_977126
245 1 0 _aPrincipes d'Economie Politique /
_cpar Alfred Marshall; traduit par Flauvaire-Jourdan.
260 _aParis :
_bSaint Amand Bussiere,
_c1906.
300 _a2 v. ;
_c23 cm.
650 0 7 _aEconomía
_2embne
_912006
700 1 _aJourdan, Flauvaire.
_967028
852 _aES-MaACL
_jF-14147-48
999 _c98225
_d98225